00620nam a2200157Ia 4500008004100000040001800041041000800059100003100067245015200098260006400250300001800314490003800332600005900370650001600429650001700445130821s1984 ck gr spa  aCo-BoUCMbspa aspa aSpinoza, Baruchd1632-1677 aTratado de la reforma del entendimiento y otros escritoscBaruch de Spinoza ; traduccion, notas y comentario de Lelio Fernandez y Jean Paul Margot. aBogotá (Colombia)bUniversidad Nacional de Colombiac1984 a136 páginas aColeccion Biblioteca Filosófica aSpinoza, Baruch dey1632-1677vColecciones de escritos04aFilosofía04aRacionalismo